| 000 | 01364nam0a2200325 i 4500 | ||
|---|---|---|---|
| 001 | RU\NLR\BIBL_A\010728534 | ||
| 005 | 20260405114400.0 | ||
| 010 |
_a9785000240120 _9500 |
||
| 021 |
_aRU _b2015-13414 _9813 |
||
| 035 | _a(NILC)RuMoRGB-007882729 | ||
| 035 | _a(NLR Aleph) 010728534 | ||
| 090 |
_a9854230 _c9854230 |
||
| 100 | _a20150414d2015 u y0rusy50 ca | ||
| 101 | 0 | _arus | |
| 102 | _aRU | ||
| 105 | _aac z 000yy | ||
| 200 | 1 |
_aБританская монархия от королевы Виктории до наследников Елизаветы II : концепция управления и личность суверена _eмонография _fГ. С. Остапенко |
|
| 210 |
_aМосква _cАргамак-Медиа _d2015 |
||
| 215 |
_a376, [2] с. _cил., портр. _d22 |
||
| 225 | 1 | _aЕвропейские династии | |
| 320 | _aБиблиогр. в подстроч. примеч. | ||
| 606 | 1 |
_aМонархия _yВеликобритания _92266868 _3RU\NLR\AUTH\661358857 |
|
| 686 | 1 | _aТ3(4Вл)0-5 | |
| 700 | 1 |
_7ca _8rus _aОстапенко _bГ. С. _cд-р ист. наук _gГалина Сергеевна _927869 _3RU\NLR\AUTH\7744929 |
|
| 801 | 0 |
_aRU _bРГБ _c20150310 _gRCR |
|
| 801 | 1 |
_aRU _bРГБ _c20150310 _2rusmarc |
|
| 942 | _cBOOK | ||
| 980 | _aNBR | ||